Southville International School and Colleges
Your cart is empty.
  • Cart
  • Lists
    Public lists Eva Luna New books Lux_list list_1
    Your lists Log in to create your own lists
  • Log in to your account
  • Your cookies
  • Search history
Southville International School and Colleges
  • Advanced search
  • Recent comments
  • Most popular
  • Libraries

Log in to your account

Log in with GOOGLE


If you do not have an external account, but do have a local account, you can still log in:

  1. Home
  2. MARC view: Side effects
Normal view MARC view ISBD view

Side effects (Record no. 367273)

[ view plain ]
MARC details
000 -LEADER
fixed length control field 00563nam a22001937a 4500
003 - CONTROL NUMBER IDENTIFIER
control field 0
005 - DATE AND TIME OF LATEST TRANSACTION
control field 20250307152410.0
008 - FIXED-LENGTH DATA ELEMENTS--GENERAL INFORMATION
fixed length control field 250307b xxu||||| |||| 00| 0 eng d
020 ## - INTERNATIONAL STANDARD BOOK NUMBER
International Standard Book Number 0-09-941076-1
050 ## - LIBRARY OF CONGRESS CALL NUMBER
Classification number RC 55
Item number .P35 1985
100 ## - MAIN ENTRY--PERSONAL NAME
Personal name Palmer, Michael
245 ## - TITLE STATEMENT
Title Side effects
Statement of responsibility, etc Michael Palmer
260 ## - PUBLICATION, DISTRIBUTION, ETC. (IMPRINT)
Place of publication, distribution, etc Arrow Books
Name of publisher, distributor, etc London
Date of publication, distribution, etc c1985
300 ## - PHYSICAL DESCRIPTION
Extent 344 pages ;
Dimensions 18cm.
500 ## - GENERAL NOTE
General note Lost & replaced by Dimacuta, G. Rikah (8/13/2014)
650 ## - SUBJECT ADDED ENTRY--TOPICAL TERM
Topical term or geographic name as entry element Medical thrillers--Fiction.
650 ## - SUBJECT ADDED ENTRY--TOPICAL TERM
Topical term or geographic name as entry element Pharmaceutical industry – Fiction.
942 ## - ADDED ENTRY ELEMENTS (KOHA)
Source of classification or shelving scheme Library of Congress Classification
Koha item type Books
Holdings
Withdrawn status Lost status Source of classification or shelving scheme Damaged status Home library Current library Shelving location Date acquired Source of acquisition Total Checkouts Full call number Barcode Date last seen Price effective from Koha item type
    Library of Congress Classification   College Library College Library Fiction Section 03/07/2012 Donation   RC 55 .P35 1985 C5662 03/07/2025 03/07/2012 Books

Side effects

APA

Palmer M., . (1985). Side effects. Arrow Books: London.

Chicago

Palmer Michael, . 1985. Side effects. Arrow Books: London.

Harvard

Palmer M., . (1985). Side effects. Arrow Books: London.

MLA

Palmer Michael, . Side effects. Arrow Books: London. 1985.

  • Place hold
  • Print
  • Cite
  • Add to your cart (remove)
  • Save record
    BIBTEX Dublin Core MARCXML MARC (non-Unicode/MARC-8) MARC (Unicode/UTF-8) MARC (Unicode/UTF-8, Standard) MODS (XML) RIS
  • More searches
    Search for this title in:
    Other Libraries (WorldCat) Other Databases (Google Scholar) Online Stores (Bookfinder.com) Open Library (openlibrary.org)

Exporting to Dublin Core...

SOUTHVILLE LIBRARY

Southville International School and Colleges Library

1281 Tropical Ave. Cor. Luxembourg St., BF Homes International, Las Pinas City

Tel. No. 8256374 / 252358 Loc. 117/146

Powered by Koha